[Event "AUTO-OPEN-1844"]
[Site "http://www.queenalice.com/game.php?id=717133"]
[Date "2010.1.20"]
[Round "1"]
[White "Polux"]
[Black "Cerberus"]
[Result "0-1"]
[WhiteElo "1784"]
[BlackElo "2548"]

1. e4 e5 2. Nf3 Nc6 3. Nc3 Nf6 4. a3 d5 5. exd5 Nxd5 6. Ne4 f5 7. Nc3 e4 8. Ng1
Be6 9. d3 Nxc3 10. bxc3 Qf6 11. Bd2 O-O-O 12. d4 f4 13. Qe2 Bd6 14. Qxe4 Rde8
15. O-O-O Ba2 16. Qd3 Bxa3# 0-1

[Event "AUTO-OPEN-1844"]
[Site "http://www.queenalice.com/game.php?id=717134"]
[Date "2010.1.20"]
[Round "1"]
[White "Cerberus"]
[Black "Polux"]
[Result "1-0"]
[WhiteElo "2549"]
[BlackElo "1782"]

1. e4 e5 2. Nf3 d6 3. d4 exd4 4. Nxd4 g6 5. Nc3 Bg7 6. Be3 c5 7. Ndb5 Bf8 8. Nd5
Na6 9. Qf3 Be6 10. O-O-O f5 11. exf5 Bxd5 12. Qxd5 Nf6 13. Qe6+ Qe7 14. Nxd6+
Kd8 15. Nxb7+ Kc7 16. Bf4+ Qd6 17. Rxd6 Bxd6 18. Qxd6+ Kc8 19. Bxa6 Rb8 20. Qc6#
1-0

[Event "AUTO-ADV-1642"]
[Site "http://www.queenalice.com/game.php?id=726627"]
[Date "2010.2.6"]
[Round "1"]
[White "Polux"]
[Black "afonso092"]
[Result "0-1"]
[WhiteElo "1779"]
[BlackElo "1884"]

1. e4 e5 2. Nf3 d6 3. g3 Nf6 4. Qe2 Bg4 5. Bg2 Nc6 6. Qc4 Be6 7. Qe2 Be7 8. O-O
O-O 9. d3 Bg4 10. Nc3 Nd4 11. Qd1 h6 12. b3 Nh7 13. Be3 Ne6 14. Ne2 Bxf3 15.
Bxf3 Bg5 16. Bxg5 Nhxg5 17. Bg2 f5 18. f4 exf4 19. Nxf4 Nxf4 20. gxf4 Nh7 21.
exf5 Rxf5 22. Qg4 Rb5 23. Be4 Nf6 24. Qg3 d5 25. Bg2 Rb6 26. Kh1 Re6 27. Rg1 Qf8
28. Bf3 Rae8 29. Rg2 R8e7 30. Rag1 c6 31. a4 Ne8 32. Rf1 Nd6 33. Bg4 Re3 34. Bf3
Nf5 35. Qh3 Re1 36. Rgg1 Rxf1 37. Rxf1 Ne3 38. Rf2 Nf5 39. Bg4 Re1+ 40. Kg2 Ne3+
41. Kf3 Nxg4 42. Qxg4 Qe8 43. Kg2 Re6 44. f5 Rf6 45. Kh3 Qe3+ 46. Rf3 Qe2 47. c4
dxc4 48. dxc4 Qe5 0-1

[Event "AUTO-ADV-1642"]
[Site "http://www.queenalice.com/game.php?id=726628"]
[Date "2010.2.6"]
[Round "1"]
[White "afonso092"]
[Black "Polux"]
[Result "1/2-1/2"]
[WhiteElo "2052"]
[BlackElo "1849"]

1. e4 e5 2. Bc4 c6 3. Qh5 Qf6 4. Nf3 g6 5. Qxe5+ Qxe5 6. Nxe5 Nh6 7. d3 d6 8.
Bxh6 dxe5 9. Bxf8 Rxf8 10. O-O Nd7 11. Nd2 Nf6 12. h3 a5 13. a3 Ke7 14. Nf3 Kd6
15. Ng5 Be6 16. Bxe6 fxe6 17. f4 exf4 18. Rxf4 h6 19. Raf1 Nd7 20. Rxf8 Nxf8 21.
Nf3 g5 22. Kh2 Ng6 23. Nd4 Re8 24. Rf6 Ke5 25. Rxg6 Kxd4 26. Kg1 Ke3 27. Rf6 Re7
28. Kf1 Kd2 29. Rxh6 Kxc2 30. Rg6 Kxb2 31. Rxg5 a4 32. h4 Kxa3 33. h5 Kb2 34. h6
Rh7 35. Rg7 Rxh6 36. Rxb7+ Kc3 37. d4 a3 38. Ra7 Kb2 39. Rb7+ Kc3 40. Ra7
1/2-1/2

[Event "AUTO-ADV-1642"]
[Site "http://www.queenalice.com/game.php?id=726631"]
[Date "2010.2.6"]
[Round "1"]
[White "Polux"]
[Black "zemorais"]
[Result "0-1"]
[WhiteElo "1795"]
[BlackElo "1709"]

1. e4 c5 2. Nf3 Nc6 3. g3 e6 4. Bg2 d6 5. c3 Nf6 6. Qa4 Bd7 7. Qc2 Be7 8. d3 O-O
9. Qe2 h6 10. e5 dxe5 11. Nxe5 Nxe5 12. Qxe5 Bc6 13. Bxc6 bxc6 14. Qf4 Qxd3 15.
Be3 Nd5 16. Qf3 Nxe3 17. Qxe3 Qc2 18. b3 Qb2 19. Qd2 Qxa1 20. O-O Bf6 21. h4
Rad8 22. Qc2 Rd5 23. Kg2 Rfd8 24. Kh3 Rd2 25. Nxd2 Qxc3 26. Qxc3 Bxc3 27. Ne4
Bd4 28. Rd1 Rd5 29. f4 f5 30. Nd2 Be3 31. Re1 Bxd2 32. Rxe6 Rd3 33. Kg2 Bb4 34.
Re2 Rd2 35. Rxd2 Bxd2 36. a4 Kf7 37. Kf3 Ke6 38. Ke2 Bb4 39. Kf3 Kd5 40. g4
fxg4+ 41. Kxg4 Ke4 42. f5 Bc3 0-1

[Event "AUTO-ADV-1642"]
[Site "http://www.queenalice.com/game.php?id=726632"]
[Date "2010.2.6"]
[Round "1"]
[White "zemorais"]
[Black "Polux"]
[Result "0-1"]
[WhiteElo "1849"]
[BlackElo "1777"]

1. e4 e5 2. Nf3 Qe7 3. b3 Nc6 4. Bb5 Nd4 5. Nxd4 exd4 6. Bb2 Qxe4+ 7. Qe2 Qxe2+
8. Bxe2 Bc5 9. d3 Bb4+ 10. c3 dxc3 11. Nxc3 d5 12. O-O c6 13. Nd1 f6 14. a3 Bd6
15. Bh5+ Kd7 16. Bg4+ Kc7 17. Bxc8 Rxc8 18. Ne3 Ne7 19. b4 b5 20. Rac1 h5 21.
Rc2 h4 22. h3 Kb7 23. Re1 a6 24. Rec1 Rhg8 25. Bd4 f5 26. Bc5 Bxc5 27. bxc5 g5
28. Re2 Rg7 29. Nc2 Rc7 30. Rce1 Ng6 31. d4 Nf4 32. Re5 Nd3 33. Rxf5 Nxe1 34.
Nxe1 g4 35. hxg4 Rxg4 36. Nf3 h3 37. g3 Rg8 38. Kh2 Rh8 39. Ng5 a5 40. Nxh3 Rch7
41. Kg2 Rxh3 42. Rf7+ Kb8 43. Rf6 Kc7 44. Rf7+ Kd8 45. Rf6 Kc7 46. Rf7+ Kb8 47.
Rf6 R3h6 48. Rxh6 Rxh6 49. f4 b4 50. axb4 axb4 51. Kf3 b3 52. f5 b2 53. g4 b1=Q
0-1

[Event "AUTO-OPEN-1885"]
[Site "http://www.queenalice.com/game.php?id=733812"]
[Date "2010.2.18"]
[Round "1"]
[White "italomachado"]
[Black "Polux"]
[Result "0-1"]
[WhiteElo "1575"]
[BlackElo "1815"]

1. e4 e5 2. g3 g5 3. Bc4 Nf6 4. Nf3 Nxe4 5. Nxe5 d5 6. Qh5 Be6 7. Bb5+ c6 8. d3
Qa5+ 9. c3 Nd6 10. b3 Qxb5 11. Ba3 Nd7 12. c4 dxc4 13. bxc4 Qxe5+ 14. Kd1 Qxa1
15. Kd2 Qxa2+ 16. Kc1 Ne5 17. Rd1 h6 18. Rd2 Qxd2+ 19. Nxd2 Bg4 20. Qxg4 Nxg4
21. Bb2 Rg8 22. f3 Nxh2 23. c5 Nb5 24. Ne4 O-O-O 25. Kc2 Nxf3 26. Nf6 Rg6 27.
Ne4 Ne1+ 28. Kb3 Nxd3 29. Ba1 Nxc5+ 30. Nxc5 Bxc5 31. Kc4 Bf2 32. g4 Re6 33. Bg7
a5 34. Kb3 Re4 35. Bxh6 a4+ 36. Ka2 Re3 37. Bxg5 Rd2+ 38. Kb1 Re1# 0-1

[Event "AUTO-OPEN-1885"]
[Site "http://www.queenalice.com/game.php?id=733813"]
[Date "2010.2.18"]
[Round "1"]
[White "Polux"]
[Black "italomachado"]
[Result "0-1"]
[WhiteElo "1821"]
[BlackElo "1569"]

1. e4 d6 2. Nf3 Nf6 3. Nc3 e5 4. Bc4 Nc6 5. d3 Bg4 6. Bg5 Nd4 7. Nd5 c6 8. Ne3
h6 9. Bxf6 Qxf6 10. Nxg4 Qe7 11. c3 Ne6 12. h3 Nf4 13. O-O h5 14. Ne3 Rh6 15.
Nf5 Qf6 16. Nxh6 Qxh6 17. Nh2 Qg6 18. Qf3 O-O-O 19. h4 Be7 20. Qg3 Ne2+ 21. Kh1
Nxg3+ 22. fxg3 Qxg3 23. Rxf7 Bxh4 24. Rf3 Qg5 25. Raf1 Qe7 26. Rf7 Qg5 27. Be6+
Kb8 28. Bh3 Qh6 29. Nf3 g5 30. Nxh4 gxh4 31. R7f2 Kc7 32. a4 a5 33. b4 Kb6 34.
Rb2 Ka6 35. Rbb1 Qd2 36. Rf5 Qxd3 37. Rbf1 Qxc3 38. bxa5 Qc4 39. Rxh5 Qxf1+ 0-1

[Event "AUTO-OPEN-1885"]
[Site "http://www.queenalice.com/game.php?id=733836"]
[Date "2010.2.18"]
[Round "1"]
[White "Polux"]
[Black "Brunao"]
[Result "0-1"]
[WhiteElo "1703"]
[BlackElo "1586"]

1. e4 e5 2. Bc4 f6 3. Nc3 c6 4. d4 b5 5. Bxg8 Rxg8 6. Qh5+ g6 7. Qxh7 Rg7 8. Qh8
b4 9. Nce2 Ba6 10. Bh6 Ke7 11. Bxg7 Bxg7 12. Qxg7+ Ke8 13. Qxg6+ Ke7 14. dxe5
fxe5 15. Qg5+ Ke8 0-1

[Event "AUTO-OPEN-1885"]
[Site "http://www.queenalice.com/game.php?id=733837"]
[Date "2010.2.18"]
[Round "1"]
[White "Brunao"]
[Black "Polux"]
[Result "1-0"]
[WhiteElo "1563"]
[BlackElo "1726"]

1. d4 d5 2. c3 e6 3. Nd2 Nh6 4. h3 Nf5 5. g3 b6 6. h4 Nc6 7. g4 Nxh4 8. Ndf3
Nxf3+ 9. Nxf3 h6 10. Qd3 Bb7 11. Bf4 g5 12. Be5 f6 13. Qg6+ Kd7 14. Bxf6 Ne7 15.
Ne5+ Kc8 16. Qh5 1-0

[Event "AUTO-ADV-1682"]
[Site "http://www.queenalice.com/game.php?id=743619"]
[Date "2010.3.9"]
[Round "1"]
[White "Polux"]
[Black "Toru"]
[Result "0-1"]
[WhiteElo "1762"]
[BlackElo "2042"]

1. e4 c5 2. Nf3 Nc6 3. c3 d5 4. d3 dxe4 5. dxe4 Bg4 6. Bb5 Qxd1+ 7. Kxd1 Bxf3+
8. gxf3 O-O-O+ 9. Bd2 Kc7 10. Na3 g6 11. Kc2 Bg7 12. Rad1 a6 13. Bxc6 Kxc6 14.
Nc4 b5 15. Ne3 e6 0-1

[Event "AUTO-ADV-1682"]
[Site "http://www.queenalice.com/game.php?id=743620"]
[Date "2010.3.9"]
[Round "1"]
[White "Toru"]
[Black "Polux"]
[Result "1-0"]
[WhiteElo "2037"]
[BlackElo "1767"]

1. d4 d5 2. c4 c6 3. Nf3 Bf5 4. cxd5 cxd5 5. Nc3 Nf6 6. Qb3 Qd7 7. Ne5 Qc7 8.
Nxd5 Qa5+ 9. Nc3 b5 10. Qxb5+ Qxb5 11. Nxb5 e6 12. Nc7+ Kd8 13. Nxa8 Nc6 14.
Nxc6+ Kd7 15. Ne5+ Ke7 16. Nc7 1-0

[Event "AUTO-ADV-1682"]
[Site "http://www.queenalice.com/game.php?id=743621"]
[Date "2010.3.9"]
[Round "1"]
[White "Polux"]
[Black "negaadelaide"]
[Result "0-1"]
[WhiteElo "1843"]
[BlackElo "1910"]

1. e4 c5 2. g3 e6 3. Bg2 Nc6 4. Qe2 a6 5. Nf3 Be7 6. d3 h6 7. O-O Nf6 8. Nc3 d5
9. exd5 exd5 10. Bf4 O-O 11. Ne5 Nxe5 12. Qxe5 Be6 0-1

[Event "AUTO-ADV-1682"]
[Site "http://www.queenalice.com/game.php?id=743622"]
[Date "2010.3.9"]
[Round "1"]
[White "negaadelaide"]
[Black "Polux"]
[Result "1-0"]
[WhiteElo "1895"]
[BlackElo "1858"]

1. d4 d5 2. c4 Nf6 3. Nf3 Nc6 4. e3 Bf5 5. h3 e6 6. a3 Ne4 7. Bd2 f6 8. Nc3 a6
9. Be2 Nd6 10. c5 Nc4 11. Bxc4 dxc4 12. O-O 1-0

[Event "AUTO-ADV-1682"]
[Site "http://www.queenalice.com/game.php?id=743623"]
[Date "2010.3.9"]
[Round "1"]
[White "Polux"]
[Black "rbivanov"]
[Result "0-1"]
[WhiteElo "1741"]
[BlackElo "1768"]

1. e4 e5 2. Nf3 Nc6 3. Nc3 Nf6 4. g3 b6 5. Bb5 Bb7 6. d3 Be7 7. Bd2 O-O 8. h4 d5
9. exd5 Nxd5 10. Bxc6 Bxc6 11. Nxe5 Nxc3 12. Bxc3 Bxh1 13. f3 Qd5 14. Qe2 Bd6
15. f4 Bxe5 16. Bxe5 Rfe8 17. Qg4 f6 18. c4 Qxd3 0-1

[Event "AUTO-ADV-1682"]
[Site "http://www.queenalice.com/game.php?id=743624"]
[Date "2010.3.9"]
[Round "1"]
[White "rbivanov"]
[Black "Polux"]
[Result "1-0"]
[WhiteElo "1752"]
[BlackElo "1757"]

1. d4 d5 2. c4 c6 3. Nc3 e6 4. Nf3 Nd7 5. Bg5 Be7 6. Bxe7 Qxe7 7. e4 dxc4 8.
Bxc4 Qb4 9. Qb3 Qe7 10. O-O c5 11. Rad1 Nh6 12. h3 b6 13. Ne5 cxd4 14. Nxd7 Bxd7
15. Rxd4 e5 16. Rd2 Qg5 17. Rfd1 Bxh3 18. Qb5+ Ke7 19. Nd5+ 1-0